Premier League Players to score 30+ Goals in a Single Season - Statistics

General Stats
  • This quiz has been taken 303 times
    231 since last reset
  • The average score is 9 of 10
Answer Stats
Year(s) Player's Name Club Goals % Correct
2017/18 | 2022/23 Harry Kane Tottenham Hotspur 30 | 30
99%
2022/23 Erling Haaland Manchester City 36
98%
2017/18 Mohamed Salah Liverpool 32
98%
2003/04 Thierry Henry Arsenal 30
97%
1993/94 | 1994/95 | 1995/96 Alan Shearer Blackburn Rovers 31 | 34 | 31
96%
2007/08 Cristiano Ronaldo Manchester United 31
94%
2013/14 Luis Suárez Liverpool 31
90%
2011/12 Robin van Persie Arsenal 30
83%
1993/94 Andy Cole Newcastle United 34
65%
1999/00 Kevin Phillips Sunderland 30
55%
No matching quizzes found
Score Distribution
Percent of People with Each Score
Percentile by Number Answered
Your Score History
You have not taken this quiz since the last reset